| 000 | 00944nam a2200253 a 4500 | ||
|---|---|---|---|
| 005 | 20260205064027.0 | ||
| 008 | 180807s2017 mx r 000 0 spa d | ||
| 020 | _a9786074511307 | ||
| 035 | _aUPN01000226023 | ||
| 049 | _aCG | ||
| 050 | 4 |
_aLA428.7 _bM5.7 |
|
| 100 | 1 |
_aMiller, Dinorah _942343 |
|
| 245 | 1 | 4 |
_aLas trayectorias escolares universitarias en un tablero de serpientes y escaleras / _ccoord. Adrián de Garay ; Dinorah Miller, Iván Montoya. |
| 260 |
_aMéxico : _bANUIES, _cc2017. |
||
| 300 |
_a187 p. : _btablas, cuadros, gráfs. |
||
| 440 | 0 |
_aTemas de hoy en la educación superior ; _v37 |
|
| 650 | 4 |
_aEstudiantes universitarios _zMéxico _xCondiciones sociales _923246 |
|
| 650 | 4 |
_aEstudiantes universitarios _zMéxico _xCondiciones económicas _923247 |
|
| 650 | 4 |
_aEDUCACION - _xVALORACION _917542 |
|
| 700 | 1 |
_aGaray, Adrián de, _ecoord. |
|
| 700 | 1 |
_aMontoya, Iván, _ecoaut. |
|
| 905 | _aLibro | ||
| 999 |
_c198119 _d198119 |
||